000
00208 a2200097 4500
001
7011
100
_a
Day, W.D
245
_a
Introduction to laplace transforms
260
_a
_b
Iliffe
_c
090
_c
5790
_d
5790
942
_a
NUST-CAE
_c
M
_c
32256
999
_c
242084
_d
242084